| 000 -LEADER |
| fixed length control field |
00866cam a2200205 a 4500 |
| 020 ## - INTERNATIONAL STANDARD BOOK NUMBER |
| ISBN |
3487073986 |
| 040 ## - CATALOGING SOURCE |
| Transcribing agency |
709 GOL 1983 C148 Or. |
| 082 0# - DEWEY DECIMAL CLASSIFICATION NUMBER |
| Classification number |
709 GOL 1983 C148 Or. |
| 100 1# - MAIN ENTRY--AUTHOR NAME |
| Personal name |
Tavernier, Ludwig. |
| 245 14 - TITLE STATEMENT |
| Title |
Das Problem der Naturnachahmung in den kunstkritischen Schriften Charles Nicolas Cochins d. J. : |
| Remainder of title |
ein Beitrag zur Geschichte der französischen Kunsttheorie und Kunstkritik des 18. Jahrhunderts / |
| 246 30 - VARYING FORM OF TITLE |
| Title proper/short title |
Beitrag zur Geschichte der französischen Kunsttheorie und Kunstkritik des 18. Jahrhunderts. |
| 260 ## - PUBLICATION, DISTRIBUTION, ETC. (IMPRINT) |
| Place of publication |
Hildesheim ; |
| -- |
New York : |
| Name of publisher |
G. Olms, |
| Year of publication |
1983. |
| 300 ## - PHYSICAL DESCRIPTION |
| Number of Pages |
139 p. ; |
| Dimensions |
21 cm. |
| 490 1# - SERIES STATEMENT |
| Series statement |
Studien zur Kunstgeschichte ; |
| 500 ## - GENERAL NOTE |
| General note |
Slight revision of the author's thesis (doctoral)--Universität München, 1982. |
| 650 #0 - SUBJECT ADDED ENTRY--TOPICAL TERM |
| Topical Term |
Realism in art. |
| 650 #0 - SUBJECT ADDED ENTRY--TOPICAL TERM |
| Topical Term |
Aesthetics, French |
| 650 #0 - SUBJECT ADDED ENTRY--TOPICAL TERM |
| Topical Term |
Art criticism |
| 942 ## - ADDED ENTRY ELEMENTS (KOHA) |
| Koha item type |
ADB |
| 952 ## - LOCATION AND ITEM INFORMATION (KOHA) |
| Withdrawn status [LOCAL, KOHA] |
0 |